Munro's book-keeping and accountancy/ (Record no. 548250)
[ view plain ]
| 000 -LEADER | |
|---|---|
| fixed length control field | 00383nam a22001337a 4500 |
| 082 ## - DEWEY DECIMAL CLASSIFICATION NUMBER | |
| Classification number | 657.2 |
| Author Mark | MUN |
| -- | L-32, P-1 |
| 100 ## - MAIN ENTRY--PERSONAL NAME | |
| Personal name | Munro, Andrew |
| 9 (RLIN) | 44467 |
| 245 ## - TITLE STATEMENT | |
| Title | Munro's book-keeping and accountancy/ |
| 260 ## - PUBLICATION, DISTRIBUTION, ETC. | |
| Place of publication, distribution, etc. | London: |
| Name of publisher, distributor, etc. | SIR ISAAC Pitman & Son, Ltd |
| Date of publication, distribution, etc. | c1949 |
| 300 ## - PHYSICAL DESCRIPTION | |
| Extent | vi, 748p |
| Other physical details | ill;: |
| Dimensions | 19cm |
| 526 ## - STUDY PROGRAM INFORMATION NOTE | |
| Program name | 0 |
| Interest level | 0 |
| Reading level | 0 |
| Title point value | 657_200000000000000_MUN |
| 650 ## - SUBJECT ADDED ENTRY--TOPICAL TERM | |
| Topical term or geographic name entry element | MCE |
| 9 (RLIN) | 379 |
| 942 ## - ADDED ENTRY ELEMENTS (KOHA) | |
| Source of classification or shelving scheme | |
| Koha item type | Book |
| Withdrawn status | Lost status | Source of classification or shelving scheme | Damaged status | Not for loan | Permanent Location | Current Location | Date acquired | Total Checkouts | Full call number | Barcode | Date last seen | Price effective from | Koha item type |
|---|---|---|---|---|---|---|---|---|---|---|---|---|---|
| Military College of Engineering (MCE) | Military College of Engineering (MCE) | 08/25/2014 | 657.2 MUN | MCE-30918 | 08/25/2014 | 08/25/2014 | Book |
